Súbor ekonomických ukazovateľov v SR za rok 1993
Na minha lista:
| Formato: | Livro |
|---|---|
| Idioma: | eslovaco |
| Publicado em: |
Bratislava
Ústav informácií a prognóz školstva, mládeže a telovýchovy
1994
|
| Edição: | 1. vyd. |
| Assuntos: | |
| Tags: |
Sem tags, seja o primeiro a adicionar uma tag!
|
MARC
| LEADER | 00000nam a2200000 4500 | ||
|---|---|---|---|
| 001 | c005661 | ||
| 005 | 20230112124031.7 | ||
| 041 | 0 | |a slo | |
| 044 | |a SK | ||
| 245 | 1 | 0 | |a Súbor ekonomických ukazovateľov v SR za rok 1993 |
| 250 | |a 1. vyd. | ||
| 264 | 1 | |a Bratislava |b Ústav informácií a prognóz školstva, mládeže a telovýchovy |c 1994 | |
| 300 | |a 77 s. | ||
| 610 | 2 | 0 | |a Slovensko |
| 610 | 2 | 0 | |a 1993 |
| 610 | 2 | 0 | |a školstvo |
| 610 | 2 | 0 | |a veda |
| 610 | 2 | 0 | |a ukazovatele ekonomické |
| 610 | 2 | 0 | |a príjmy |
| 610 | 2 | 0 | |a výdavky |
| 610 | 2 | 0 | |a výdavky rozpočtu štátneho |
| 610 | 2 | 0 | |a prostriedky mzdové |
| 610 | 2 | 0 | |a organizácie rozpočtové |
| 610 | 2 | 0 | |a organizácie príspevkové |